[Event "4NCL Division 2c"]
[Site "Telford, ENG"]
[Date "2018.05.05"]
[Round "9.11"]
[White "Golding, Alex"]
[Black "Lupulescu, Constantin"]
[Result "1-0"]
[WhiteElo "2297"]
[BlackElo "2621"]
[PlyCount "68"]
[EventDate "2018.05.05"]
[WhiteTeam "Guildford 3"]
[BlackTeam "Manx Liberty"]

1. e4 c5 2. Nf3 Nc6 3. d4 cxd4 4. Nxd4 Nf6 5. Nc3 d6 6. f3 e5 7. Nb3 Be7 8. Be3
Be6 9. Nd5 Bxd5 10. exd5 Nb4 11. c4 a5 12. Qd2 b6 13. Nc1 O-O 14. a3 Na6 15. b4
axb4 16. axb4 b5 17. Ra5 Nc7 18. Bb6 Rb8 19. Rxb5 Qd7 20. Bxc7 Rxb5 21. cxb5
Qxc7 22. Nb3 Qa7 23. Bc4 Bd8 24. Na5 Bb6 25. Ke2 e4 26. f4 Qd7 27. Rf1 e3 28.
Qc2 Qg4+ 29. Ke1 Re8 30. g3 Qh5 31. Qe2 Qf5 32. Qd3 Qh3 33. Qe2 Ne4 34. Nc6 Nd2
1-0

[Event "4NCL Division 2c"]
[Site "Telford, ENG"]
[Date "2018.05.05"]
[Round "9.12"]
[White "Parligras, Mircea-Emilian"]
[Black "Emerson, Roger"]
[Result "1-0"]
[WhiteElo "2642"]
[BlackElo "2213"]
[PlyCount "67"]
[EventDate "2018.05.05"]
[WhiteTeam "Manx Liberty"]
[BlackTeam "Guildford 3"]

1. d4 d5 2. c4 e6 3. Nc3 Bb4 4. Nf3 Nf6 5. cxd5 exd5 6. Bf4 Ne4 7. Rc1 Nc6 8.
Nd2 g5 9. Bg3 h5 10. Ndxe4 dxe4 11. h4 gxh4 12. Rxh4 Bg4 13. d5 Bxc3+ 14. Rxc3
Ne7 15. Qa4+ Kf8 16. Qxe4 Qxd5 17. Qxd5 Nxd5 18. Rc5 c6 19. e4 Nf6 20. f3 Be6
21. a3 Rd8 22. Rg5 Ke7 23. Be5 Rh6 24. Bc3 Rg6 25. Rf4 Ng8 26. Rxh5 b6 27. Rfh4
Rd7 28. g4 Bb3 29. Be2 Nf6 30. Rh8 Ne8 31. f4 Rgd6 32. e5 Rd5 33. f5 Bd1 34.
f6+ 1-0

[Event "4NCL Division 2c"]
[Site "Telford, ENG"]
[Date "2018.05.05"]
[Round "9.13"]
[White "Osborne, Marcus E"]
[Black "Cyborowski, Lukasz"]
[Result "0-1"]
[WhiteElo "2152"]
[BlackElo "2510"]
[PlyCount "64"]
[EventDate "2018.05.05"]
[WhiteTeam "Guildford 3"]
[BlackTeam "Manx Liberty"]

1. d4 Nf6 2. c4 e6 3. Nf3 d5 4. Bg5 h6 5. Bxf6 Qxf6 6. Nbd2 Nd7 7. Qb3 dxc4 8.
Qxc4 c6 9. e3 g6 10. Bd3 Bg7 11. O-O e5 12. Qb3 O-O 13. Nc4 exd4 14. exd4 c5
15. d5 Nb6 16. Nxb6 Qxb6 17. Qxb6 axb6 18. Bc4 Bd7 19. d6 b5 20. Bd5 Bxb2 21.
Bxb7 Ra7 22. Rab1 Rxa2 23. Bd5 c4 24. Rfe1 Re8 25. Rxe8+ Bxe8 26. Nd2 Kg7 27.
Ne4 Ba3 28. Kf1 Rc2 29. Ra1 b4 30. Nc5 b3 31. d7 Bxd7 32. Nxd7 b2 0-1

[Event "4NCL Division 2c"]
[Site "Telford, ENG"]
[Date "2018.05.05"]
[Round "9.14"]
[White "Jaracz, Pawel"]
[Black "Granat, Russell G"]
[Result "1-0"]
[WhiteElo "2463"]
[BlackElo "2203"]
[PlyCount "69"]
[EventDate "2018.05.05"]
[WhiteTeam "Manx Liberty"]
[BlackTeam "Guildford 3"]

1. c4 Nf6 2. d4 c6 3. Nc3 d5 4. Nf3 g6 5. e3 Bg7 6. cxd5 cxd5 7. Bb5+ Bd7 8.
Qb3 Bxb5 9. Qxb5+ Qd7 10. Ne5 Qxb5 11. Nxb5 Na6 12. b3 Nd7 13. Nd3 Kd8 14. Ba3
Re8 15. Rc1 Bf8 16. Ke2 f6 17. Rc2 e6 18. Bd6 Nb6 19. Nc5 Nxc5 20. dxc5 Rc8 21.
Bxf8 Rxf8 22. Nxa7 Rc7 23. Nb5 Nd7 24. Nxc7 Kxc7 25. a4 Ra8 26. Ra1 Ne5 27. b4
Nc6 28. b5 Na5 29. Kd3 Rd8 30. Kc3 b6 31. Kb4 d4 32. Rd1 e5 33. exd4 exd4 34.
cxb6+ Kxb6 35. Rcd2 1-0

[Event "4NCL Division 2c"]
[Site "Telford, ENG"]
[Date "2018.05.05"]
[Round "9.15"]
[White "Chavannes, Ivar"]
[Black "Galyas, Miklos"]
[Result "0-1"]
[WhiteElo "2122"]
[BlackElo "2495"]
[PlyCount "84"]
[EventDate "2018.05.05"]
[WhiteTeam "Guildford 3"]
[BlackTeam "Manx Liberty"]

1. d4 d6 2. Nf3 g6 3. g3 Bg7 4. Bg2 f5 5. O-O Nf6 6. c4 O-O 7. Nc3 c6 8. d5 e5
9. dxe6 Bxe6 10. Qd3 Ng4 11. Bg5 Ne5 12. Bxd8 Nxd3 13. Be7 Re8 14. exd3 Rxe7
15. Rfe1 Na6 16. Re3 Rae8 17. Ng5 Bd7 18. Rae1 Rxe3 19. Rxe3 Rxe3 20. fxe3 Bh6
21. h4 Nc5 22. d4 Ne6 23. d5 Nxg5 24. dxc6 bxc6 25. hxg5 Bxg5 26. Kf2 Bf6 27.
Nd1 Be5 28. b4 Kf7 29. a4 Ke7 30. Bf3 Kd8 31. Kg2 Kc7 32. Nf2 c5 33. bxc5 Bxa4
34. Nd3 Bc6 35. cxd6+ Bxd6 36. Kf2 Bxf3 37. Kxf3 Kc6 38. g4 a5 39. e4 fxg4+ 40.
Kxg4 a4 41. e5 Be7 42. e6 Kd6 0-1

[Event "4NCL Division 2c"]
[Site "Telford, ENG"]
[Date "2018.05.05"]
[Round "9.16"]
[White "Cioara, Andrei-Nestor"]
[Black "Punnett, Alan K"]
[Result "1-0"]
[WhiteElo "2450"]
[BlackElo "2063"]
[PlyCount "119"]
[EventDate "2018.05.05"]
[WhiteTeam "Manx Liberty"]
[BlackTeam "Guildford 3"]

1. d4 Nf6 2. c4 e6 3. g3 Bb4+ 4. Bd2 Be7 5. Bg2 d5 6. Nf3 c6 7. O-O O-O 8. Bf4
Nbd7 9. Nc3 b6 10. Ne5 Bb7 11. Qa4 Nxe5 12. dxe5 Nd7 13. cxd5 cxd5 14. h4 h6
15. h5 Nc5 16. Qc2 Rc8 17. Rfd1 Bg5 18. Qd2 Bxf4 19. Qxf4 Qg5 20. Qxg5 hxg5 21.
Nb5 Ba6 22. Nd6 Rcd8 23. e4 Nxe4 24. Nxe4 dxe4 25. Bxe4 Be2 26. Rxd8 Rxd8 27.
f3 f5 28. exf6 gxf6 29. g4 f5 30. Re1 Rd2 31. gxf5 exf5 32. Bxf5 Kg7 33. Kf2
Bc4+ 34. Kg3 Bxa2 35. b4 Kf6 36. Be4 a5 37. Rc1 Bd5 38. Bxd5 Rxd5 39. Rc6+ Kf5
40. Rxb6 axb4 41. Rxb4 Rd1 42. Rb5+ Kf6 43. Rb6+ Kf5 44. Rb8 Rd4 45. Rf8+ Ke6
46. h6 Rh4 47. f4 Rxh6 48. fxg5 Rh1 49. Kg4 Ke7 50. Rf2 Ke6 51. g6 Ke7 52. Kg5
Rh3 53. g7 Rg3+ 54. Kh6 Rh3+ 55. Kg6 Rg3+ 56. Kh7 Rh3+ 57. Kg8 Re3 58. Rh2 Rg3
59. Kh8 Kf7 60. Rf2+ 1-0

[Event "4NCL Division 2c"]
[Site "Telford, ENG"]
[Date "2018.05.05"]
[Round "9.17"]
[White "Shepley, Julien M"]
[Black "Jaracz, Barbara"]
[Result "1/2-1/2"]
[WhiteElo "1986"]
[BlackElo "2245"]
[PlyCount "123"]
[EventDate "2018.05.05"]
[WhiteTeam "Guildford 3"]
[BlackTeam "Manx Liberty"]

1. e4 e5 2. Nc3 Nf6 3. Bc4 Nc6 4. d3 Bb4 5. Nge2 Na5 6. a3 Bxc3+ 7. Nxc3 Nxc4
8. dxc4 d6 9. Bg5 Be6 10. Nd5 Bxd5 11. cxd5 h6 12. Bxf6 Qxf6 13. O-O O-O 14.
Qg4 Qf4 15. Qxf4 exf4 16. Rfe1 Rfe8 17. f3 Re5 18. Rad1 g5 19. Kf2 Kg7 20. Rd4
Rae8 21. Rb4 b6 22. Ra4 a5 23. Rc4 R8e7 24. a4 f5 25. g3 fxg3+ 26. hxg3 fxe4
27. fxe4 h5 28. c3 Kf6 29. b4 g4 30. bxa5 bxa5 31. Re2 Kg5 32. Re1 h4 33. gxh4+
Kxh4 34. Kg2 Kg5 35. Kg3 Rxd5 36. exd5 Rxe1 37. Rxc7 Re3+ 38. Kf2 Rd3 39. c4
Kf4 40. Rf7+ Ke5 41. Ke2 Rc3 42. Re7+ Kd4 43. Rd7 Rxc4 44. Rxd6 Rxa4 45. Rg6
Kxd5 46. Rg5+ Kc4 47. Rxg4+ Kb3 48. Rg3+ Kb2 49. Rg5 Ra1 50. Rb5+ Kc3 51. Rf5
a4 52. Rf4 a3 53. Rf3+ Kd4 54. Rf4+ Ke5 55. Ra4 Kd5 56. Rf4 Rc1 57. Ra4 Rc3 58.
Kf2 Kc5 59. Ke2 Kb5 60. Kd2 Rh3 61. Ra8 Kb4 62. Ke2 1/2-1/2

[Event "4NCL Division 2c"]
[Site "Telford, ENG"]
[Date "2018.05.05"]
[Round "9.18"]
[White "Dahl, Baard"]
[Black "Stimpson, Philip M"]
[Result "1/2-1/2"]
[WhiteElo "2147"]
[BlackElo "1922"]
[PlyCount "84"]
[EventDate "2018.05.05"]
[WhiteTeam "Manx Liberty"]
[BlackTeam "Guildford 3"]

1. e4 e5 2. Nf3 Nc6 3. Bb5 a6 4. Ba4 Nf6 5. O-O Be7 6. Re1 b5 7. Bb3 d6 8. c3
O-O 9. h3 Na5 10. Bc2 d5 11. d4 dxe4 12. Nxe5 Bb7 13. Nd2 Bd6 14. b4 Bxb4 15.
cxb4 Qxd4 16. Rb1 Qxe5 17. bxa5 Rad8 18. Qe2 Rfe8 19. Bb2 Qf4 20. Nf1 Bd5 21.
Bb3 c5 22. Bxf6 Qxf6 23. Bxd5 Rxd5 24. Rbd1 Rd4 25. Rxd4 cxd4 26. Qc2 Qe6 27.
Qb3 Qxb3 28. axb3 f5 29. Rd1 d3 30. g3 Rc8 31. Ne3 g6 32. Kf1 Rc3 33. Rb1 b4
34. Ke1 Kf7 35. Nd5 Rc5 36. Nxb4 Rxa5 37. Kd2 Rc5 38. Rc1 Rb5 39. Rc7+ Kf6 40.
Nxa6 Rxb3 41. Rxh7 Rb2+ 42. Ke1 Rb1+ 1/2-1/2

[Event "4NCL Division 2c"]
[Site "Telford, ENG"]
[Date "2018.05.05"]
[Round "9.21"]
[White "Plueg, Andreas"]
[Black "Weaving, Richard"]
[Result "1/2-1/2"]
[WhiteElo "2290"]
[BlackElo "2333"]
[PlyCount "108"]
[EventDate "2018.05.05"]
[WhiteTeam "Anglian Avengers 1"]
[BlackTeam "Wood Green Monarchs"]

1. c4 e5 2. Nc3 Nf6 3. g3 c6 4. Bg2 Bb4 5. Nf3 Qe7 6. O-O O-O 7. d4 e4 8. Ne1
h6 9. Nc2 Bxc3 10. bxc3 d6 11. Ne3 Re8 12. Rb1 Ng4 13. Nxg4 Bxg4 14. f3 exf3
15. Bxf3 Bxf3 16. Rxf3 b6 17. Re3 Qd8 18. d5 c5 19. Qd3 Nd7 20. Rxe8+ Qxe8 21.
Bf4 Qe7 22. Rf1 Re8 23. Rf3 Nf6 24. Re3 Qd7 25. Rxe8+ Nxe8 26. Qf3 Qe7 27. g4
g5 28. Bg3 Kg7 29. e4 Nf6 30. e5 dxe5 31. Qf5 Nd7 32. Kg2 f6 33. h4 gxh4 34.
Bxh4 Nf8 35. Kf3 Ng6 36. Bg3 Nh8 37. Qe6 Kf8 38. Qc8+ Kg7 39. Qe6 Qxe6 40. dxe6
Ng6 41. Ke4 Ne7 42. Bh4 Kg6 43. a4 Kg7 44. Bf2 Kg6 45. Bh4 Ng8 46. a5 Ne7 47.
a6 Kg7 48. Bf2 Kh7 49. Be1 Kg8 50. Bg3 Kf8 51. Bf2 Kg8 52. Bh4 Kg7 53. Bg3 Kg6
54. Bh4 Kg7 1/2-1/2

[Event "4NCL Division 2c"]
[Site "Telford, ENG"]
[Date "2018.05.05"]
[Round "9.22"]
[White "Srebrnic, Ana"]
[Black "Lewis, Andrew P"]
[Result "1/2-1/2"]
[WhiteElo "2195"]
[BlackElo "2279"]
[PlyCount "88"]
[EventDate "2018.05.05"]
[WhiteTeam "Wood Green Monarchs"]
[BlackTeam "Anglian Avengers 1"]

1. d4 Nf6 2. Nc3 d5 3. Bf4 g6 4. Qd2 Bg7 5. Bh6 O-O 6. Bxg7 Kxg7 7. O-O-O Nc6
8. f3 a6 9. e4 dxe4 10. d5 Ne5 11. Nxe4 Nxe4 12. fxe4 Qd6 13. Nf3 f6 14. Be2
Bd7 15. h3 Rac8 16. Qc3 Nxf3 17. gxf3 c6 18. dxc6 Qxc6 19. Qxc6 Bxc6 20. Rhe1
Rc7 21. Rd2 g5 22. Bd3 e5 23. h4 Be8 24. Bf1 Bh5 25. Bg2 h6 26. Rd6 Bf7 27. a3
Rfc8 28. c3 Rc6 29. Rd7 R8c7 30. Red1 gxh4 31. Bh3 Kf8 32. Rd8+ Ke7 33. Rh8 h5
34. Rg1 Kd6 35. Rd1+ Kc5 36. Kc2 Kb6 37. Rh6 a5 38. Rd8 a4 39. Kd2 Kb5 40. Bf5
Kc4 41. Kc2 Kc5 42. Kd2 Rb6 43. Kc1 Bb3 44. Rxh5 Rcc6 1/2-1/2

[Event "4NCL Division 2c"]
[Site "Telford, ENG"]
[Date "2018.05.05"]
[Round "9.23"]
[White "Player, Edmund C"]
[Black "Kryger, Oksana"]
[Result "1-0"]
[WhiteElo "2230"]
[BlackElo "2171"]
[PlyCount "65"]
[EventDate "2018.05.05"]
[WhiteTeam "Anglian Avengers 1"]
[BlackTeam "Wood Green Monarchs"]

1. e4 e6 2. d4 d5 3. Nd2 Nc6 4. Ngf3 Nf6 5. e5 Nd7 6. Bb5 a6 7. Bxc6 bxc6 8. c4
dxc4 9. Nxc4 Nb6 10. Na5 Qd5 11. Bd2 c5 12. dxc5 Bxc5 13. O-O Bd7 14. Qe2 Bb5
15. Rfc1 Nd7 16. Nc4 Rc8 17. a4 Bxc4 18. Qxc4 Qxc4 19. Rxc4 Bb6 20. a5 Ba7 21.
Rac1 Kd8 22. Bg5+ f6 23. exf6 gxf6 24. Ne5 fxg5 25. Nc6+ Ke8 26. Nxa7 Rb8 27.
Rxc7 Kf8 28. Nc6 Rxb2 29. Rd1 Rc2 30. Rc8+ Kf7 31. Rxd7+ Kg6 32. Ne7+ Kh6 33.
Rxc2 1-0

[Event "4NCL Division 2c"]
[Site "Telford, ENG"]
[Date "2018.05.05"]
[Round "9.24"]
[White "Longson, Sarah N"]
[Black "Talsma, Paul"]
[Result "1/2-1/2"]
[WhiteElo "2192"]
[BlackElo "2207"]
[PlyCount "116"]
[EventDate "2018.05.05"]
[WhiteTeam "Wood Green Monarchs"]
[BlackTeam "Anglian Avengers 1"]

1. e4 e5 2. Nf3 Nc6 3. Bc4 Nf6 4. d3 Be7 5. O-O O-O 6. Re1 d6 7. a4 Kh8 8. h3
h6 9. Nc3 Na5 10. Ba2 c5 11. Be3 Nc6 12. Ne2 d5 13. exd5 Nxd5 14. Bxd5 Qxd5 15.
Nc3 Qd6 16. Kh1 b6 17. Qe2 Bb7 18. Bd2 Qg6 19. Nd5 Bd6 20. c4 f5 21. Nh4 Qf7
22. f4 Rae8 23. Qf2 Qh5 24. Qg3 Kh7 25. Bc3 Qf7 26. fxe5 f4 27. Qg6+ Qxg6 28.
Nxg6 Kxg6 29. exd6 f3 30. gxf3 Nd4 31. Rxe8 Rxe8 32. Rg1+ Kf7 33. Bxd4 cxd4 34.
Rg4 Bxd5 35. cxd5 Rd8 36. Rxd4 Rxd6 37. Kg2 g5 38. Kg3 Kf6 39. f4 Kf5 40. fxg5
hxg5 41. h4 gxh4+ 42. Rxh4 Ke5 43. Kf3 Kxd5 44. Ke3 Re6+ 45. Kd2 Re7 46. Kc3
Rg7 47. Rh5+ Kc6 48. b4 Rg4 49. Re5 Rg1 50. b5+ Kd6 51. Re4 Ra1 52. Rc4 Kd5 53.
Kb2 Rd1 54. Rc7 Rxd3 55. Rxa7 Kc4 56. Ra6 Kb4 57. Rxb6 Kxa4 58. Kc2 Rd5 1/2-1/2

[Event "4NCL Division 2c"]
[Site "Telford, ENG"]
[Date "2018.05.05"]
[Round "9.25"]
[White "Gallagher, Daniel GH"]
[Black "Sygnowski, Tomasz"]
[Result "0-1"]
[WhiteElo "2163"]
[BlackElo "2132"]
[PlyCount "100"]
[EventDate "2018.05.05"]
[WhiteTeam "Anglian Avengers 1"]
[BlackTeam "Wood Green Monarchs"]

1. Nf3 Nf6 2. c4 e6 3. Nc3 d5 4. d4 Be7 5. Bf4 O-O 6. e3 a6 7. c5 Nh5 8. b4 b6
9. Be2 a5 10. a3 Nxf4 11. exf4 Bf6 12. Rc1 axb4 13. axb4 bxc5 14. bxc5 Ba6 15.
Bxa6 Rxa6 16. O-O Nc6 17. Ne5 Bxe5 18. fxe5 Qh4 19. Nb5 Ra5 20. Rb1 g6 21. Qd3
Ra4 22. Ra1 Rb4 23. Rfd1 Rb8 24. Nxc7 Rxd4 25. Qa6 Nxe5 26. Qd6 Rxd1+ 27. Rxd1
Qa4 28. Rf1 Rf8 29. h3 Nc4 30. Qe7 Nd2 31. Re1 Ne4 32. Rxe4 Qxe4 33. Ne8 Qe1+
34. Kh2 Qxf2 35. c6 Qf4+ 36. Kh1 Qc1+ 37. Kh2 Qxc6 38. Nf6+ Kg7 39. Nh5+ Kh6
40. Qxf8+ Kxh5 41. Qxf7 Qd6+ 42. g3 Kh6 43. h4 d4 44. Kh3 e5 45. g4 Qa3+ 46.
Kg2 Qb2+ 47. Kg3 Qc3+ 48. Kg2 Qd2+ 49. Kh3 Qe3+ 50. Kg2 Qf4 0-1

[Event "4NCL Division 2c"]
[Site "Telford, ENG"]
[Date "2018.05.05"]
[Round "9.26"]
[White "Pein, Jonathan"]
[Black "Menzies, Colin"]
[Result "0-1"]
[WhiteElo "2133"]
[BlackElo "2150"]
[PlyCount "66"]
[EventDate "2018.05.05"]
[WhiteTeam "Wood Green Monarchs"]
[BlackTeam "Anglian Avengers 1"]

1. e4 c5 2. Nf3 Nf6 3. Nc3 d5 4. e5 Ne4 5. Bb5+ Nc6 6. Ne2 c4 7. Ned4 Bd7 8. e6
fxe6 9. Bxc6 bxc6 10. Ne5 Qb6 11. Qh5+ g6 12. Nxg6 Nf6 13. Qh4 hxg6 14. Qxh8
Qxd4 15. O-O Kf7 16. Qh3 Bg7 17. Qe3 Qh4 18. d3 cxd3 19. cxd3 Rh8 20. h3 e5 21.
Re1 e4 22. dxe4 Nxe4 23. Qf4+ Qxf4 24. Bxf4 Bxb2 25. Rab1 Bd4 26. Be3 Bxe3 27.
Rxe3 Nd6 28. Rf3+ Kg7 29. Rfb3 Rc8 30. Rb8 Rc7 31. a4 c5 32. a5 a6 33. Re1 Bb5
0-1

[Event "4NCL Division 2c"]
[Site "Telford, ENG"]
[Date "2018.05.05"]
[Round "9.27"]
[White "Tozer, Philip A A"]
[Black "Ashworth, Michael"]
[Result "1-0"]
[WhiteElo "2171"]
[BlackElo "2140"]
[PlyCount "61"]
[EventDate "2018.05.05"]
[WhiteTeam "Anglian Avengers 1"]
[BlackTeam "Wood Green Monarchs"]

1. c4 e5 2. g3 Nc6 3. Nc3 g6 4. Bg2 Bg7 5. e4 d6 6. Nge2 Nge7 7. O-O O-O 8. d3
Be6 9. Be3 Nd4 10. Nd5 c6 11. Nxe7+ Qxe7 12. Bxd4 exd4 13. Qd2 Rae8 14. Rae1
Qd7 15. f4 f5 16. exf5 Rxf5 17. Kh1 b6 18. Ng1 d5 19. cxd5 Bxd5 20. Rxe8+ Qxe8
21. Bxd5+ Rxd5 22. Re1 Qf7 23. Nf3 Bf6 24. Re4 c5 25. b3 g5 26. Qe2 Rf5 27.
Re8+ Kg7 28. fxg5 Bd8 29. Rxd8 Rxf3 30. Qe5+ Kg6 31. Rd6+ 1-0

[Event "4NCL Division 2c"]
[Site "Telford, ENG"]
[Date "2018.05.05"]
[Round "9.28"]
[White "Manelidou, Maria"]
[Black "Gregory, Stephen J"]
[Result "0-1"]
[WhiteElo "2094"]
[BlackElo "2095"]
[PlyCount "94"]
[EventDate "2018.05.05"]
[WhiteTeam "Wood Green Monarchs"]
[BlackTeam "Anglian Avengers 1"]

1. e4 d5 2. exd5 Qxd5 3. Nf3 Nf6 4. d4 c6 5. Be2 Bf5 6. O-O e6 7. c4 Qd8 8. Nc3
Be7 9. Be3 O-O 10. Nh4 Bg6 11. Nxg6 hxg6 12. Qb3 Qc7 13. Rac1 Nbd7 14. Rfd1
Rfe8 15. d5 Bd6 16. g3 Nc5 17. Qc2 a5 18. Bf3 Rad8 19. a3 Ncd7 20. Bg2 exd5 21.
cxd5 Rxe3 22. fxe3 Bc5 23. Re1 Ng4 24. Nd1 Qb6 25. Kh1 cxd5 26. Bxd5 Re8 27. e4
Ngf6 28. Nc3 Be3 29. Rcd1 Ne5 30. Kg2 Rc8 31. Qd2 Bh6 32. h3 Kh7 33. Qf2 Qc7
34. Bb3 Qe7 35. Nd5 Nxd5 36. Rxd5 f6 37. Red1 Qc7 38. Qa7 Nc6 39. Qc5 Re8 40.
Rd7 Qb8 41. Qd6 Qxd6 42. R1xd6 Rxe4 43. Rxb7 Nd4 44. Rd8 Re2+ 45. Kf1 Be3 46.
Bd5 Rf2+ 47. Ke1 Nc2+ 0-1

[Event "4NCL Division 2c"]
[Site "Telford, ENG"]
[Date "2018.05.05"]
[Round "9.31"]
[White "Walker, David J"]
[Black "Szczepkowska, Karina"]
[Result "0-1"]
[WhiteElo "2285"]
[BlackElo "2403"]
[PlyCount "92"]
[EventDate "2018.05.05"]
[WhiteTeam "North East England"]
[BlackTeam "Celtic Tigers"]

1. c4 Nf6 2. Nf3 e6 3. g3 d5 4. Bg2 d4 5. O-O c5 6. e3 Nc6 7. exd4 cxd4 8. d3
Be7 9. a3 a5 10. Bg5 Nd7 11. Bxe7 Qxe7 12. Nbd2 O-O 13. Re1 e5 14. Nh4 g6 15.
f4 f6 16. fxe5 Ndxe5 17. Nhf3 Qg7 18. Qc2 Bg4 19. Nxe5 Nxe5 20. h3 Bf5 21. Ne4
Kh8 22. Rad1 Rad8 23. c5 Qc7 24. Rc1 Bxe4 25. Rxe4 Kg7 26. b4 axb4 27. axb4 Rf7
28. Qd2 Qd7 29. g4 h6 30. Ra1 Qb5 31. Ra3 Nc6 32. Re6 Qxb4 33. Qxb4 Nxb4 34.
Rb6 Nd5 35. Rb2 Rdd7 36. Ra7 Nf4 37. Rbxb7 Rxb7 38. Rxb7 Rxb7 39. Bxb7 Kf7 40.
c6 Ne6 41. Bc8 Ke7 42. Bxe6 Kxe6 43. Kf2 Kd6 44. Kf3 Kxc6 45. Kf4 Kb5 46. h4
Kb4 0-1

[Event "4NCL Division 2c"]
[Site "Telford, ENG"]
[Date "2018.05.05"]
[Round "9.32"]
[White "Kulon, Klaudia"]
[Black "Dalton, Joseph"]
[Result "1-0"]
[WhiteElo "2319"]
[BlackElo "2207"]
[PlyCount "77"]
[EventDate "2018.05.05"]
[WhiteTeam "Celtic Tigers"]
[BlackTeam "North East England"]

1. c4 e5 2. g3 Nf6 3. Bg2 d5 4. cxd5 Nxd5 5. Nc3 Nb6 6. Nf3 Nc6 7. a3 a5 8. d3
Bg4 9. Be3 f6 10. Bxb6 cxb6 11. Qa4 Bd7 12. Qb3 Bc5 13. O-O Ne7 14. e3 a4 15.
Qa2 Ra5 16. d4 Bd6 17. Rad1 Qc8 18. dxe5 Bxe5 19. Nxe5 Be6 20. Nd5 fxe5 21.
Nc7+ Qxc7 22. Qxe6 Rf8 23. Qg4 g6 24. Rc1 Rc5 25. Qxa4+ Kf7 26. Rxc5 bxc5 27.
Rd1 Rd8 28. Rxd8 Qxd8 29. Bxb7 Qb6 30. Qd7 Kf6 31. g4 h6 32. h4 g5 33. hxg5+
hxg5 34. Bd5 Nxd5 35. Qxd5 Qxb2 36. Qxc5 Qb1+ 37. Kg2 Qe4+ 38. f3 Qd3 39. Qf8+
1-0

[Event "4NCL Division 2c"]
[Site "Telford, ENG"]
[Date "2018.05.05"]
[Round "9.33"]
[White "Dunn, Andrew"]
[Black "Hoffmann, Hendrik"]
[Result "0-1"]
[WhiteElo "2237"]
[BlackElo "2226"]
[PlyCount "62"]
[EventDate "2018.05.05"]
[WhiteTeam "North East England"]
[BlackTeam "Celtic Tigers"]

1. d4 d5 2. c4 dxc4 3. e4 Nf6 4. e5 Nd5 5. Bxc4 e6 6. Nf3 c5 7. O-O Nc6 8. dxc5
Bxc5 9. a3 O-O 10. b4 Be7 11. Bb2 a6 12. Nc3 Nxc3 13. Bxc3 b5 14. Bd3 Bb7 15.
Qe2 Re8 16. Rfd1 Qb6 17. Rd2 Red8 18. Rad1 a5 19. bxa5 Nxa5 20. Rb1 Qc7 21. Rc2
Nc4 22. Bb4 Bxb4 23. axb4 Bxf3 24. Qxf3 Ra3 25. Rxc4 bxc4 26. Bxh7+ Kxh7 27.
Qxa3 c3 28. Rc1 c2 29. g3 Rd4 30. Kg2 Qxe5 31. b5 Qxb5 0-1

[Event "4NCL Division 2c"]
[Site "Telford, ENG"]
[Date "2018.05.05"]
[Round "9.34"]
[White "Maciol, Ryszard"]
[Black "Wall, Tim P"]
[Result "1-0"]
[WhiteElo "2161"]
[BlackElo "2250"]
[PlyCount "63"]
[EventDate "2018.05.05"]
[WhiteTeam "Celtic Tigers"]
[BlackTeam "North East England"]

1. d4 d5 2. c4 e5 3. dxe5 d4 4. Nf3 Nc6 5. g3 Nge7 6. Bg2 Ng6 7. O-O Ngxe5 8.
Nbd2 Be7 9. Nxe5 Nxe5 10. Nf3 Nxf3+ 11. Bxf3 O-O 12. Qd3 Bf6 13. Rd1 Qe7 14. b4
g6 15. Bb2 Bf5 16. Qb3 Rfd8 17. Rd2 Rab8 18. Rad1 c5 19. bxc5 Qxc5 20. Bd5 Re8
21. Qf3 h5 22. h3 Bg7 23. Bxd4 Bxd4 24. Rxd4 Re7 25. Kg2 Rbe8 26. g4 hxg4 27.
hxg4 Be6 28. e3 Qb6 29. Rh1 Bc8 30. Qf4 a6 31. c5 Qc7 32. Qf6 1-0

[Event "4NCL Division 2c"]
[Site "Telford, ENG"]
[Date "2018.05.05"]
[Round "9.35"]
[White "Dargan, Paul A G"]
[Black "Jarvinen, Rauno"]
[Result "1-0"]
[WhiteElo "2207"]
[BlackElo "2222"]
[PlyCount "69"]
[EventDate "2018.05.05"]
[WhiteTeam "North East England"]
[BlackTeam "Celtic Tigers"]

1. e4 d5 2. exd5 Nf6 3. Nc3 Nxd5 4. Qf3 Nb4 5. Bc4 e6 6. Bb3 N8c6 7. Nge2 Be7
8. a3 Na6 9. d4 Nxd4 10. Ba4+ Kf8 11. Nxd4 Qxd4 12. Be3 Qf6 13. Qe2 Nc5 14.
Bxc5 Bxc5 15. O-O-O g6 16. Ne4 Qe5 17. f4 Qxf4+ 18. Kb1 Be7 19. Rhf1 Qe5 20.
Qf2 f5 21. Rde1 Kg7 22. Bb3 Bf6 23. Nxf6 Qxf6 24. Qc5 c6 25. g4 Rf8 26. Qd6 Rd8
27. Qc7+ Rd7 28. Qg3 Re7 29. g5 Qf7 30. Rd1 h5 31. Rd8 Re8 32. Rfd1 Qe7 33.
Rxe8 Qxe8 34. Qe5+ Kh7 35. Qc7+ 1-0

[Event "4NCL Division 2c"]
[Site "Telford, ENG"]
[Date "2018.05.05"]
[Round "9.36"]
[White "Pedersen, Carsten"]
[Black "Coathup, Roger H"]
[Result "0-1"]
[WhiteElo "2129"]
[BlackElo "2155"]
[PlyCount "80"]
[EventDate "2018.05.05"]
[WhiteTeam "Celtic Tigers"]
[BlackTeam "North East England"]

1. e4 c5 2. Nc3 e6 3. g3 Nc6 4. Bg2 g6 5. d3 Bg7 6. Be3 d6 7. f4 Nge7 8. Nf3 b6
9. O-O O-O 10. Bf2 Bb7 11. d4 Rb8 12. Qd2 Ba6 13. Rfe1 Qc7 14. a4 Rbd8 15. Nb5
Qb8 16. Rad1 e5 17. c3 Bc8 18. d5 Na5 19. Qe2 Bg4 20. h3 Bxf3 21. Bxf3 f5 22.
exf5 Nxf5 23. g4 Ne7 24. Bh4 Rd7 25. Bg3 a6 26. Na3 Qd8 27. fxe5 dxe5 28. c4
Nc8 29. Bg2 Nd6 30. Qc2 Qg5 31. Kh2 h5 32. gxh5 Qxh5 33. Rf1 Nf5 34. Bf2 Bh6
35. Be4 Bf4+ 36. Kg2 Rh7 37. Rd3 Qg5+ 38. Kf3 Rxh3+ 39. Ke2 Rh2 40. Ke1 Ne3 0-1

[Event "4NCL Division 2c"]
[Site "Telford, ENG"]
[Date "2018.05.05"]
[Round "9.37"]
[White "Henderson, David"]
[Black "Skulte, Christopher"]
[Result "0-1"]
[WhiteElo "2125"]
[BlackElo "1965"]
[PlyCount "128"]
[EventDate "2018.05.05"]
[WhiteTeam "North East England"]
[BlackTeam "Celtic Tigers"]

1. e4 c5 2. c3 e6 3. d4 d5 4. e5 Nc6 5. Nf3 Qb6 6. Be2 Nh6 7. Bxh6 gxh6 8. Qd2
Bd7 9. O-O O-O-O 10. dxc5 Bxc5 11. b4 Bf8 12. Qf4 Be8 13. Nbd2 Bg7 14. b5 Ne7
15. Qa4 Ng6 16. Rab1 Nxe5 17. c4 Kb8 18. Rfc1 Nxf3+ 19. Bxf3 Bd4 20. cxd5 Bxf2+
21. Kh1 exd5 22. Bxd5 Rxd5 23. Qf4+ Qd6 24. Qxd6+ Rxd6 25. Ne4 Rd5 26. Nxf2
Rxb5 27. Rxb5 Bxb5 28. Ng4 Re8 29. Nxh6 Re2 30. a3 Bc6 31. Rg1 Ra2 32. Nxf7
Rxa3 33. Ne5 Be4 34. Rc1 a5 35. Kg1 Ra2 36. Nf3 a4 37. Rc4 Bc6 38. Ne1 a3 39.
Nc2 Bb5 40. Rc3 Bc6 41. g3 Be4 42. Nxa3 Rg2+ 43. Kf1 Rxh2 44. Nb5 Bg6 45. Rb3
Rh1+ 46. Ke2 Rb1 47. Rxb1 Bxb1 48. Ke3 b6 49. Kd4 Kb7 50. Nc3 Bg6 51. Kc4 Kc6
52. Ne2 Kd6 53. Nc3 Be8 54. Kd4 Bc6 55. Na2 Ke6 56. Nb4 Bg2 57. Nc2 Kf6 58. Ne3
Bc6 59. Ng4+ Kg5 60. Ne3 h5 61. Nc4 Kg4 62. Nxb6 Kxg3 63. Nc4 h4 64. Nd2 Bg2
0-1

[Event "4NCL Division 2c"]
[Site "Telford, ENG"]
[Date "2018.05.05"]
[Round "9.38"]
[White "Buttell, David"]
[Black "Smith, Lynda"]
[Result "1/2-1/2"]
[WhiteElo "1773"]
[BlackElo "1960"]
[PlyCount "101"]
[EventDate "2018.05.05"]
[WhiteTeam "Celtic Tigers"]
[BlackTeam "North East England"]

1. d4 f5 2. g3 Nf6 3. Bg2 g6 4. b3 Bg7 5. Bb2 O-O 6. Nf3 d6 7. O-O Qe8 8. c4
Na6 9. Nbd2 e5 10. e3 e4 11. Ne1 c6 12. a3 Nc7 13. Nc2 d5 14. a4 Be6 15. Ba3
Rf7 16. c5 g5 17. f4 g4 18. Kf2 h5 19. Qe2 h4 20. Rfb1 Nh5 21. b4 Bf6 22. b5
Rh7 23. Nf1 cxb5 24. axb5 Bd7 25. b6 Bb5 26. Qd1 axb6 27. cxb6 Na6 28. Nb4 Bxf1
29. Bxf1 hxg3+ 30. hxg3 Nxg3 31. Nxd5 Bh4 32. Bxa6 Rxa6 33. Nc7 Qh5 34. Qb3+
Kh8 35. Qe6 Bd8 36. Qe8+ Qxe8 37. Nxe8 Nh5 38. Nd6 Rxb6 39. Rxb6 Bxb6 40. Bb2
Nf6 41. Kg2 Nd5 42. Nxf5 Rh3 43. Rh1 Rxh1 44. Kxh1 Kh7 45. Bc1 Bc7 46. Ng3 Nf6
47. Kg2 Kg6 48. Kf2 Ba5 49. Ke2 Kf7 50. Bb2 Ke6 51. d5+ 1/2-1/2